| 000 | 00827nam a2200217 a 4500 | ||
|---|---|---|---|
| 005 | 20231011063627.0 | ||
| 008 | 080219s2007 mx r 000 0 spa d | ||
| 020 | _a9789707225923 | ||
| 035 | _aUPN01000154309 | ||
| 049 | _aCG | ||
| 050 | 4 |
_aLB2361 _bA4.8 |
|
| 245 | 0 | 0 |
_aAlternativas metodológicas de intervención curricular en la educación superior / _ccoord. Rita Angulo Villanueva. |
| 260 |
_aMéxico : _bCONACYT : _bPlaza y Valdés, _c2007. |
||
| 300 |
_a366 p. : _bfigs., cuadros |
||
| 440 | 0 |
_aEducación, debates e imaginario social. _pCurriculum y siglo XXI |
|
| 650 | 4 |
_aEducación superior _zMéxico _xPlanes y programas _91547 |
|
| 650 | 2 |
_aDesarrollo curricular _9405 |
|
| 650 | 0 |
_aUniversidades y colegios _vPlanes y programas _99046 |
|
| 700 | 1 |
_aAngulo Villanueva, Rita Guadalupe, _ecoord. |
|
| 905 | _aLibro | ||
| 999 |
_c126426 _d126426 |
||